Estudios sobre el discurso

Sparad:
Bibliografiska uppgifter
Huvudupphovsmän: Rosal Vargas, Gerardo del (Författare, medförfattare), Castro Azuara, María Cristina (Författare, medförfattare), Hernández Ramírez, Laura Aurora (Författare, medförfattare), Sánchez Camargo, Martín (Författare, medförfattare)
Materialtyp: Bok
Språk:spanska
Publicerad: Tlaxcala Universidad Autónoma de Tlaxcala 2003
Upplaga:1a. ed
Serie:Colección Fundamentos, Lingüística, Análisis del Discurso, 1
Ämnen:
Taggar: Lägg till en tagg
Inga taggar, Lägg till första taggen!

MARC

LEADER 00000nam a2200000 a 4500
001 UCL8043
003 CL-VaPUC
008 040611e20030000MX |||||||||||||||||spa|d
020 |a 9688650757 
082 0 4 |a 401.41  |b ROS  |2 21 
100 0 |a Rosal Vargas, Gerardo del  |e author  |9 485981 
700 0 |a Castro Azuara, María Cristina  |e author  |9 485982 
700 0 |a Hernández Ramírez, Laura Aurora  |e author  |9 485983 
700 0 |a Sánchez Camargo, Martín  |e author  |9 485984 
245 1 0 |a Estudios sobre el discurso 
250 |a 1a. ed 
300 |a 155 p 
942 |c BK 
945 |d 20040611 00:00:00  |a cmena 
260 |a Tlaxcala  |b Universidad Autónoma de Tlaxcala  |c 2003 
650 0 |a Análisis del discurso  |9 256696 
650 0 |a Semiótica  |9 265317 
650 0 |a Semántica  |9 265318 
650 0 |a Psicolingüística   |9 283371 
583 |a last modification  |c 20040611 00:00:00  |k Rodrigo Vera 
490 0 |a Colección Fundamentos, Lingüística, Análisis del Discurso, 1 
999 |c 309529  |d 309527 
952 |0 0  |1 0  |4 0  |6 401_410000000000000_ROS_2003  |7 0  |8 A  |9 377033  |a FDOPOS  |b FDOPOS  |d 2019-11-21  |i 4005503  |o 401.41 ROS 2003  |p 4005503  |r 2025-01-22  |w 2019-11-21  |y BK  |k MLA